Nos vamos, nomás, nos vamos ... : relato murguero /

Guardado en:
Autor Principal: Pérez Sabbi, Mercedes.
Otros Autores: Cubillas, Roberto; il.
Formato: Libro
Idioma:Undetermined
Publicado: Buenos Aires : Abran Cancha, 2014.
Series:Otro Potro
Materias:
Etiquetas: Agregar Etiqueta
Sin Etiquetas, Sea el primero en etiquetar este registro!
LEADER 00656nam a22001935a 4500
001 CEM.cems019488
008 220905s2014####ag############000#0#und#d
005 20220905095306.0
245 1 0 |a Nos vamos, nomás, nos vamos ... :  |b relato murguero /  |c Mercedes Pérez Sabbi ; ilustrado por Roberto Cubillas. 
260 |a Buenos Aires :  |b Abran Cancha,  |c 2014. 
300 |a 40 p. 
490 1 |a Otro Potro 
020 |a 9789871865369 
100 1 |a Pérez Sabbi, Mercedes. 
700 1 |a Cubillas, Roberto; il. 
653 |a Literatura 
653 |a Literatura Argentina 
653 |a Narrativa Argentina 
859 |a CEMS  |b BIB. CEMS - Inicial y Primaria  |h A863.4  |i P415  |k IP  |p 5292  |t Ej.1